Golden fortress (Record no. 952272)

MARC details
000 -LEADER
fixed length control field 00827nam a2200265Ia 4500
003 - CONTROL NUMBER IDENTIFIER
control field OSt
005 - DATE AND TIME OF LATEST TRANSACTION
control field 20221005043709.0
008 - FIXED-LENGTH DATA ELEMENTS--GENERAL INFORMATION
fixed length control field 221004b |||||||| |||| 00| 0 eng d
020 ## - INTERNATIONAL STANDARD BOOK NUMBER
International Standard Book Number 9780143334231 (pbk)
037 ## - SOURCE OF ACQUISITION
Terms of availability Textual
040 ## - CATALOGING SOURCE
Original cataloging agency CRL
Transcribing agency CRL
Language of cataloging eng
041 ## - LANGUAGE CODE
Source of code eng
Language code of text/sound track or separate title eng
100 ## - MAIN ENTRY--PERSONAL NAME
Personal name Ray Satyajit Au.
9 (RLIN) 591819
245 #0 - TITLE STATEMENT
Title Golden fortress
Remainder of title adventures of feluda
260 ## - PUBLICATION, DISTRIBUTION, ETC.
Place of publication, distribution, etc. Gurgaon
Name of publisher, distributor, etc. Puffin Books India
Date of publication, distribution, etc. 2004
300 ## - PHYSICAL DESCRIPTION
Extent 119p.
Dimensions cm.
650 ## - SUBJECT ADDED ENTRY--TOPICAL TERM
Topical term or geographic name entry element BENGALI LITERATURE
650 ## - SUBJECT ADDED ENTRY--TOPICAL TERM
Topical term or geographic name entry element BENGALI FICTION
942 ## - ADDED ENTRY ELEMENTS (KOHA)
Classification part O157,3N21x, 111P4
Koha item type Textual
Source of classification or shelving scheme
Holdings
Withdrawn status Lost status Damaged status Not for loan Home library Current library Date acquired Source of acquisition Total Checkouts Full call number Barcode Date last seen Price effective from Koha item type Public note
        Central Library Central Library 2022-10-05 064, 05/03/2021, Classic Book Service   O157,3N21x 111P4 BL0000840 Bra 2022-10-05 2022-10-05 Textual Translated from Bengali to English
Copyright @ Delhi University Library System